| 000 | 00725nam a22001817a 4500 | ||
|---|---|---|---|
| 008 | 121101t xxu||||| |||| 00| 0 eng d | ||
| 020 | _a9988834381 | ||
| 050 | _aKRX2790.T11 | ||
| 100 | _aNsor-Ambala, Randolph. | ||
| 245 |
_aA reference book for taxation in Ghana. / _cRandolph Ambala-Nsor |
||
| 250 | _aVol. 1 | ||
| 260 |
_bGraphic Packaging Ltd.: _c2008. _aAccra, |
||
| 300 |
_a378 p. : _bill. ; _c24 cm. |
||
| 500 | _aIncludes index. | ||
| 505 | _aContents: General overview of taxation -- Sources and types of income -- Taxation of individuals -- Capital gains tax and gift tax -- The Commissioner tax administration and procedures -- Indirect taxes -- Tax management. | ||
| 650 |
_aTaxation _xGhana |
||
| 942 |
_2lcc _cBK |
||
| 999 |
_c2475 _d9975 |
||